musiques album Batterie faible - Damso - Statistiques

Statistiques générales
  • Ce quiz a été pris 56 fois
  • Le résultat moyen est 7 sur 11
Statistiques - réponses
Piste Titre % Correct
10 Autotune
82%
2 Débrouillard
77%
9 BruxellesVie
75%
11 Monde
73%
1 Périscope
73%
7 Graine de sablier
68%
3 Exutoire
59%
6 QuedelaVie
57%
5 Sombre
57%
8 Beautiful
52%
4 Quotidien de baisé
50%
Aucun quiz correspondant
Distribution des résultats
% des personnes avec chaque résultat
Percentile par nombre de réponses
Votre historique - résultats
Vous n’avez pas pris ce quiz